[Event "CAN-ch U14"]
[Site "Ottawa"]
[Date "2013.07.11"]
[Round "4"]
[White "Luo, Alan"]
[Black "Li, Michael"]
[Result "1/2-1/2"]
[WhiteElo "1221"]
[BlackElo "1946"]
[PlyCount "59"]
[EventDate "2013.07.10"]
[EventType "swiss"]
[EventRounds "6"]
[EventCountry "CAN"]
[SourceTitle "EXT 2022"]
[Source "ChessBase"]
[SourceDate "2021.10.06"]
[SourceVersion "1"]
[SourceVersionDate "2021.10.06"]
[SourceQuality "1"]

1. e4 e5 2. f4 d5 3. exd5 exf4 4. Nf3 Nf6 5. Bc4 Bd6 6. 0-0 0-0 7. d4 Bg4 8. Qd3 Nbd7 9. Nc3 Nb6 10. Ne5 f3 11. Nxf3 Re8 12. Bg5 Bh5 13. Bb3 Be7 14. Ne5 Nfxd5 15. Bxe7 Rxe7 16. Nxd5 Nxd5 17. Bxd5 Qxd5 18. Rf5 g6 19. Nxg6 Bxg6 20. Rxd5 Bxd3 21. cxd3 Kg7 22. Kf2 Rae8 23. Re5 Rxe5 24. dxe5 Rxe5 25. Rc1 c6 26. Rc4 Kf6 27. Rh4 Rc5 28. Rc4 Rxc4 29. dxc4 Kf5 30. Kf3 1/2-1/2

[Event "Scarborough CC Howard Ridout U1800"]
[Site "Toronto"]
[Date "2011.10.13"]
[Round "4"]
[White "Zhong, Joey"]
[Black "Li, Michael"]
[Result "1/2-1/2"]
[WhiteElo "1313"]
[BlackElo "1445"]
[PlyCount "63"]
[EventDate "2011.09.08"]
[EventType "swiss"]
[EventRounds "6"]
[EventCountry "CAN"]
[SourceTitle "EXT 2022"]
[Source "ChessBase"]
[SourceDate "2021.10.06"]
[SourceVersion "1"]
[SourceVersionDate "2021.10.06"]
[SourceQuality "1"]

1. d4 d5 2. c4 c6 3. Nc3 Nf6 4. Bg5 Bf5 5. Nf3 e6 6. e3 Be7 7. Bd3 Bxd3 8. Qxd3 0-0 9. 0-0 b6 10. cxd5 cxd5 11. Rac1 Nc6 12. Ne2 Rc8 13. a3 Ne4 14. Bxe7 Qxe7 15. Nc3 Nd6 16. Nd2 Rc7 17. Nb5 Nxb5 18. Qxb5 Rfc8 19. Rc3 h6 20. Rfc1 Na5 21. Qd3 Qd6 22. b4 Nb7 23. f4 Qd7 24. Nf3 f6 25. R1c2 Nd6 26. Nd2 Rxc3 27. Rxc3 Rxc3 28. Qxc3 Qc8 29. Qxc8+ Nxc8 30. a4 Nd6 31. Kf2 Nf7 32. Ke2 1/2-1/2

[Event "Scarborough CC Howard Ridout U1800"]
[Site "Toronto"]
[Date "2011.09.29"]
[Round "3"]
[White "Li, Michael"]
[Black "Thanabalachandran, Luxiga"]
[Result "1-0"]
[WhiteElo "1445"]
[BlackElo "866"]
[PlyCount "73"]
[EventDate "2011.09.08"]
[EventType "swiss"]
[EventRounds "6"]
[EventCountry "CAN"]
[SourceTitle "EXT 2022"]
[Source "ChessBase"]
[SourceDate "2021.10.06"]
[SourceVersion "1"]
[SourceVersionDate "2021.10.06"]
[SourceQuality "1"]

1. e4 e6 2. d4 d5 3. Nd2 c5 4. exd5 exd5 5. Bb5+ Nd7 6. Ngf3 cxd4 7. Nxd4 a6 8. Bd3 Bc5 9. N4b3 Ngf6 10. Nf3 0-0 11. 0-0 Re8 12. Bf4 Ne4 13. Nfd4 Bxd4 14. Nxd4 Ndc5 15. Be2 Qf6 16. Be3 Qg6 17. Kh1 Bf5 18. f3 Nd6 19. Nxf5 Nxf5 20. Bxc5 Nh4 21. Rf2 Re5 22. Bd3 Nf5 23. g4 Qg5 24. f4 Qh4 25. fxe5 Qxf2 26. Bxf2 Ne7 27. Qd2 h6 28. Bc5 Nc6 29. Rf1 Nxe5 30. g5 Re8 31. gxh6 gxh6 32. Rg1+ Ng6 33. Bxg6 fxg6 34. Qxh6 Re6 35. Rxg6+ Rxg6 36. Qxg6+ Kh8 37. Bd4# 1-0

[Event "Scarborough CC Howard Ridout U1800"]
[Site "Toronto"]
[Date "2011.09.15"]
[Round "2"]
[White "Li, Michael"]
[Black "Roy, Lawrence"]
[Result "1-0"]
[WhiteElo "1445"]
[BlackElo "1038"]
[PlyCount "96"]
[EventDate "2011.09.08"]
[EventType "swiss"]
[EventRounds "6"]
[EventCountry "CAN"]
[SourceTitle "EXT 2022"]
[Source "ChessBase"]
[SourceDate "2021.10.06"]
[SourceVersion "1"]
[SourceVersionDate "2021.10.06"]
[SourceQuality "1"]

1. e4 e5 2. Nf3 Nc6 3. Bb5 Nf6 4. Nc3 d6 5. d3 Bg4 6. 0-0 a6 7. Bxc6+ bxc6 8. Re1 Be7 9. h3 Be6 10. d4 exd4 11. Nxd4 Bd7 12. Be3 0-0 13. Rb1 Rb8 14. Qd2 Re8 15. b3 Bf8 16. Bg5 h6 17. Bxf6 Qxf6 18. Rbd1 c5 19. Nf3 Bxh3 20. gxh3 Qxf3 21. Qd3 Qxd3 22. cxd3 c6 23. f3 g5 24. Kg2 Bg7 25. Rc1 Be5 26. Ne2 Kh7 27. Rcd1 Rb4 28. a3 Rxb3 29. d4 cxd4 30. Nxd4 Bxd4 31. Rxd4 Re6 32. Ra4 Rb6 33. Kg3 d5 34. Kg4 Kg6 35. Rg1 dxe4 36. fxe4 Re5 37. h4 gxh4 38. Rb4 Rg5+ 39. Kxh4 Rxb4 40. axb4 Rxg1 41. b5 cxb5 42. e5 Rg5 43. e6 fxe6 44. Kh3 b4 45. Kh4 b3 46. Kh3 b2 47. Kh2 b1Q 48. Kh3 Qh1# 1-0

[Event "Scarborough CC Spring Into Summer U1700"]
[Site "Toronto"]
[Date "2011.06.09"]
[Round "6"]
[White "Song, Eric"]
[Black "Li, Michael"]
[Result "0-1"]
[WhiteElo "1488"]
[BlackElo "1479"]
[PlyCount "116"]
[EventDate "2011.04.28"]
[EventType "swiss"]
[EventRounds "9"]
[EventCountry "CAN"]
[SourceTitle "EXT 2022"]
[Source "ChessBase"]
[SourceDate "2021.10.06"]
[SourceVersion "1"]
[SourceVersionDate "2021.10.06"]
[SourceQuality "1"]

1. e4 e5 2. Nf3 Nc6 3. Bb5 a6 4. Ba4 Nf6 5. 0-0 b5 6. Bb3 Nxe4 7. Re1 Nc5 8. Nxe5 Nxe5 9. Rxe5+ Be7 10. Qf3 Nxb3 11. axb3 c6 12. Qe2 d6 13. Re3 Be6 14. Nc3 0-0 15. d3 d5 16. d4 Bd6 17. Rd3 Qc7 18. h3 Rfe8 19. Be3 Bf5 20. Rdd1 Re6 21. Re1 Rg6 22. Bf4 Re6 23. Bxd6 Qxd6 24. Qd2 h6 25. Rxe6 Qxe6 26. Ne2 Qg6 27. Nf4 Qg5 28. c3 Bxh3 29. Qe3 Bd7 30. g3 Re8 31. Qd3 Bc8 32. c4 dxc4 33. bxc4 Qe7 34. cxb5 axb5 35. Qc3 g5 36. Ng2 Qe6 37. Ne3 Qe4 38. Rc1 Bb7 39. Qc5 Rd8 40. Qb6 Rd7 41. Qc5 Qxd4 42. Qc2 Qd2 43. Qc5 Qxb2 44. Nf5 Qf6 45. Re1 Rd8 46. Qc2 Bc8 47. Ne7+ Kg7 48. Nxc6 Bf5 49. Qc5 Rc8 50. Qxb5 Rxc6 51. Rd1 Rc2 52. Qb3 Bg6 53. Rf1 Qc6 54. Qe3 Qc3 55. Qb6 Qf3 56. Qd4+ Kh7 57. Qd7 Bd3 58. Qa4 Be4 0-1

[Event "Scarborough CC Spring Into Summer U1700"]
[Site "Toronto"]
[Date "2011.06.02"]
[Round "5"]
[White "Vyravanathan, Sobiga"]
[Black "Li, Michael"]
[Result "0-1"]
[WhiteElo "1321"]
[BlackElo "1479"]
[PlyCount "58"]
[EventDate "2011.04.28"]
[EventType "swiss"]
[EventRounds "9"]
[EventCountry "CAN"]
[SourceTitle "EXT 2022"]
[Source "ChessBase"]
[SourceDate "2021.10.06"]
[SourceVersion "1"]
[SourceVersionDate "2021.10.06"]
[SourceQuality "1"]

1. e4 e5 2. Nf3 Nc6 3. Bb5 Nf6 4. 0-0 a6 5. Ba4 b5 6. Bb3 Nxe4 7. d4 d5 8. dxe5 Be6 9. h3 Bc5 10. Be3 Bxe3 11. fxe3 Nc5 12. Qe1 Nxb3 13. axb3 0-0 14. Qg3 Bf5 15. c3 Re8 16. Nd4 Nxd4 17. exd4 Be4 18. Nd2 Bg6 19. Nf3 h6 20. Nh4 Re6 21. Nxg6 Rxg6 22. Qf3 Qe7 23. Qxd5 Rf8 24. Qb7 Qe6 25. b4 Qxh3 26. Rxa6 Qe3+ 27. Kh1 Qe2 28. Rfa1 c6 29. Rg1 Qh5# 0-1